书目信息 |
| 题名: |
物理定律的本性
|
|
| 作者: | 范曼, 著 ;关洪 译 | |
| 分册: | ||
| 出版信息: | 长少 湖南科学技术出版社 2005.02 |
|
| 页数: | 225页 | |
| 开本: | 21cm | |
| 丛书名: | 走近费曼丛书 | |
| 单 册: | ||
| 中图分类: | O41 | |
| 科图分类: | ||
| 主题词: | 理论物理学--li lun wu li xue | |
| 电子资源: | ||
| ISBN: | 7-5357-4153-3 | |
| 000 | 01126nam 2200313 450 | |
| 001 | 0638339104 | |
| 005 | 20060605164057.51 | |
| 010 | @a7-5357-4153-3@dCNY18.00 | |
| 099 | @aCAL 012005024430 | |
| 100 | @a20050317d2005 em y0chiy0121 ea | |
| 101 | 1 | @achi@ceng |
| 102 | @aCN@b430000 | |
| 200 | 1 | @a物理定律的本性@Awu li ding lu: de ben xing@f(美) R. P. 费曼著@g关洪译 |
| 210 | @a长少@c湖南科学技术出版社@d2005.02 | |
| 215 | @a225页@c图@d21cm | |
| 225 | 2 | @a走近费曼丛书@Azou jin fei man cong shu |
| 306 | @a据BIG APPLE TUTTLE-MORI AGENCY, LABUAN, MALATSIA, 1965年英文版译出。由湖南科学技术出版社通过大苹果艺术文化有限公司独家获得本书中文简体版中国大陆出版发行权 | |
| 312 | @a并列题名取自版权页 | |
| 314 | @a责任者Feynman规范汉译姓: 范曼 | |
| 320 | @a有书目 (第225页) | |
| 410 | 0 | @12001 @a走近费曼丛书 |
| 510 | 1 | @aCharacter of physical law@zeng |
| 606 | 0 | @a理论物理学@Ali lun wu li xue |
| 690 | @aO41@v4 | |
| 701 | 1 | @a范曼,@Afan man@bR. P.@g(Feynman, Richard Phillips),@f1918-1988@4著 |
| 702 | 0 | @a关洪@Aguan hong@4译 |
| 801 | 0 | @aCN@bFDU@c20060605 |
| 905 | @dO41@eF365 | |
| 906 | @dCNY18.00@n3@r1 | |
| 物理定律的本性/(美) R. P. 费曼著/关洪译.-长少:湖南科学技术出版社,2005.02 |
| 225页:图;21cm.-(走近费曼丛书) |
| ISBN 7-5357-4153-3:CNY18.00 |
| ● |
| 相关链接 |
|
|
|
正题名:物理定律的本性
索取号:O41/F365
 
预约/预借
| 序号 | 登录号 | 条形码 | 馆藏地/架位号 | 状态 | 备注 |
| 1 | 605670 | 206056701 | 自科库401/401自科库 57排1列3层/ [索取号:O41/F365] | 在馆 | |
| 2 | 605671 | 206056710 | 自科库401/401自科库 57排1列3层/ [索取号:O41/F365] | 在馆 | |
| 3 | 605672 | 206056729 | 自科库401/401自科库 57排1列3层/ [索取号:O41/F365] | 在馆 | |
| 4 | 605673 | 206056738 | 自科库401/401自科库 57排1列3层/ [索取号:O41/F365] | 在馆 | |
| 5 | 605674 | 206056747 | 自科库401/401自科库 57排1列3层/ [索取号:O41/F365] | 在馆 | |
| 6 | 605675 | 206056756 | 自科库401/401自科库 57排1列3层/ [索取号:O41/F365] | 在馆 |